[Event "Kragero Resort International 2022"]
[Site "Kragero"]
[Date "2022.02.23"]
[Round "2.6"]
[White "Gumularz, Szymon"]
[Black "Van Dael, Siem"]
[Result "1-0"]
[WhiteElo "2539"]
[BlackElo "2303"]
[Annotator "TA"]
[PlyCount "95"]
[EventDate "2022.02.23"]
[EventType "swiss"]
[EventCountry "NOR"]
[SourceTitle "playchess.com"]
[Source "ChessBase"]
[SourceQuality "1"]

{[%evp 13,95,24,18,20,19,18,21,17,12,24,12,6,62,56,97,92,159,151,184,184,204,202,227,233,233,228,225,226,249,206,319,220,268,252,268,271,274,273,263,266,274,270,310,283,339,327,330,329,366,341,356,345,337,314,299,302,344,325,320,315,338,301,391,379,413,406,395,384,238,0,356,345,347,321,344,351,446,429,407,420,1536,1527,1254,1133]} 1. d4 Nf6 2. c4 g6 3. g3 Bg7 4. Bg2 O-O 5. Nc3 d6 6. Nf3 c5 7. dxc5 dxc5 8. Ne5 {E64: King's Indian: Fianchetto: 6...c5 7 d5.} Qxd1+ 9. Nxd1 Nfd7 {[#]} 10. Nd3 $146 {The position is equal.} ({Predecessor:} 10. Nxd7 Nxd7 11. Be3 Rb8 12. Rc1 b6 13. Nc3 Bb7 14. O-O Bxg2 15. Kxg2 Ne5 16. b3 Rbd8 17. Rfd1 Nc6 18. Bd2 Rd7 19. Be1 Rfd8 20. Rxd7 Rxd7 21. Rd1 Rxd1 22. Nxd1 e6 {½-½ (22) Danielsson,R (2098)-Cao,J (1990) Opatija 2013}) 10... Nc6 11. Bxc6 bxc6 12. Bd2 f5 ({Black should play} 12... a5 $11) 13. Nc3 $14 Rd8 (13... e5 $1 $14 {might be stronger.}) 14. O-O-O Bd4 (14... e5 $142) 15. b3 $16 e5 16. e3 e4 17. exd4 cxd4 18. Nf4 (18. Bg5 Re8 $16) 18... dxc3 19. Bxc3 {[#] And now Ne6 would win.} Re8 {Inhibits Ne6.} 20. Rd6 e3 21. Ne6 {Strongly threatening Nc7.} c5 (21... exf2 $2 22. Nc7 Re3 23. Nxa8 $18 (23. Kd2 Re1 $18)) (21... Rb8 {was necessary.} 22. fxe3 Nf8) 22. fxe3 {Threatens to win with Nc7.} Rb8 23. Rhd1 {[%cal Bh1d1,Bd1d6,Bd6e6][%mdl 32]} Rb6 24. Rxb6 (24. Rxd7 Bxd7 25. Nc7 (25. Nxc5 Bc6 $14) 25... Rxe3 $16) 24... axb6 25. Rd6 Re7 26. Kd2 Kf7 27. Nf4 Re8 28. h4 Ke7 29. Re6+ Kf7 {[#]} 30. Rc6 Rd8 31. Ne6 Re8 32. Ng5+ Kg8 33. Rd6 Re7 34. a3 Kf8 35. b4 Ke8 36. b5 Bb7 37. Bf6 Nxf6 38. Rxf6 $18 {[%mdl 4096] Endgame KRB-KRN} h6 39. Nh3 Rd7+ 40. Kc3 Re7 41. Kd2 (41. Rxb6 Rxe3+ 42. Kb2 Rxg3 43. Rxb7 Rxh3) (41. Rxg6 $142 Rxe3+ 42. Kb2 (42. Kd2 Rxa3 43. Rxb6 Bg2 $18)) 41... Rd7+ 42. Ke2 Be4 43. Nf2 {Inhibits Bd3+.} (43. Rxb6 Bd3+ 44. Kf3 Bxc4 45. Rxg6 Bxb5 46. Rxh6 Rd2 $18) 43... Bc2 44. Kf3 ({Don't do} 44. Rxb6 Bb3 45. Rxg6 Bxc4+ 46. Kf3 Bxb5 $18) ({Don't take} 44. Rxg6 f4 45. e4 (45. Rxb6 fxg3 46. Rxh6 gxf2 $16) 45... Kf7 $18) 44... g5 45. Rxh6 g4+ 46. Ke2 {Rh8+ is the strong threat.} Bb3 (46... Kf8 $142 47. Rxb6 Bb3 48. Rf6+ Ke7 49. Rxf5 Bxc4+ 50. Ke1 Bxb5 51. Rxc5 Rb7 52. Nxg4 Kd6) 47. Rh8+ Ke7 48. Rh7+ {Weighted Error Value: White=0.12 (very precise) /Black=0.23 (precise)} 1-0

[Event "Kragero Resort International 2022"]
[Site "Kragero"]
[Date "2022.02.23"]
[Round "2.6"]
[White "Dyrnes, Jussi"]
[Black "Stenseng, Benjamin"]
[Result "0-1"]
[WhiteElo "1764"]
[BlackElo "1578"]
[Annotator "NA RC"]
[PlyCount "84"]
[EventDate "2022.02.23"]
[EventType "swiss"]
[EventCountry "NOR"]
[SourceTitle "playchess.com"]
[Source "ChessBase"]
[SourceQuality "1"]
[TimeControl "5400+30"]

1. d4 {[%emt 0:00:33]} Nf6 {[%emt 0:00:49]} 2. Nf3 {[%emt 0:00:44]} g6 {[%emt 0:00:07]} 3. c3 {[%emt 0:02:26]} Bg7 {[%emt 0:00:24]} 4. Qc2 {[%emt 0:01:55]} d5 {[%emt 0:01:22]} 5. e3 {[%emt 0:02:13]} O-O {[%emt 0:03:22]} 6. Bd3 {[%emt 0:02:25]} Nbd7 {[%emt 0:05:35]} 7. Nbd2 {[%emt 0:04:47]} c5 {[%emt 0:00:39]} 8. b3 {[%emt 0:03:26]} Re8 {[%emt 0:01:52]} 9. O-O {[%emt 0:00:58]} e5 {[%emt 0:03:10]} 10. e4 {[%emt 0:04:07]} cxd4 {[%emt 0:02:38]} 11. cxd4 {[%emt 0:06:13]} exd4 {[%emt 0:05:15]} 12. exd5 {[%emt 0:13:23]} Nxd5 {[%emt 0:05:09]} 13. Ne4 {[%emt 0:05:29]} Nb4 {[%emt 0:04:24]} 14. Qc4 {[%emt 0:05:20]} Nxd3 {[%emt 0:02:18]} 15. Qxd3 {[%emt 0:00:08]} Ne5 {[%emt 0:14:25]} 16. Nxe5 {[%emt 0:01:17]} Rxe5 {[%emt 0:01:54]} 17. f4 {[%emt 0:01:58]} Rxe4 {[%emt 0:07:52]} 18. Qxe4 {[%emt 0:00:23]} d3 {[%emt 0:00:33]} 19. Rb1 {[%emt 0:02:52]} d2 {[%emt 0:09:53]} 20. Bxd2 {[%emt 0:08:47]} Bf5 {[%emt 0:00:58]} 21. Qxb7 {[%emt 0:01:12]} Rb8 {[%emt 0:02:39]} 22. Qxb8 {[%emt 0:07:23]} Qxb8 {[%emt 0:00:35]} 23. Rbe1 {[%emt 0:01:06]} h6 {[%emt 0:01:47]} 24. Be3 {[%emt 0:02:35]} a5 {[%emt 0:01:27]} 25. Bc5 {[%emt 0:00:56]} Qb5 {[%emt 0:03:04]} 26. Rc1 {[%emt 0:02:22]} Bb2 {[%emt 0:00:55]} 27. a4 {[%emt 0:02:22]} Qc6 {[%emt 0:03:35]} 28. Be3 {[%emt 0:05:15]} Bxc1 {[%emt 0:00:20]} 29. Rxc1 {[%emt 0:00:07]} Qe4 {[%emt 0:02:23]} 30. Kf2 {[%emt 0:00:33]} Qb4 {[%emt 0:00:33]} 31. Rd1 {[%emt 0:01:39]} g5 {[%emt 0:02:57]} 32. Rd8+ {[%emt 0:00:53]} Kh7 {[%emt 0:00:18]} 33. fxg5 {[%emt 0:02:11]} Qh4+ {[%emt 0:01:22]} 34. Ke2 {[%emt 0:00:35]} hxg5 {[%emt 0:02:46]} 35. h3 {[%emt 0:03:32]} Qg3 {[%emt 0:02:25]} 36. Bf2 {[%emt 0:04:48]} Qxg2 {[%emt 0:00:47]} 37. Rd4 {[%emt 0:00:19]} Qxh3 {[%emt 0:00:28]} 38. b4 {[%emt 0:00:19]} axb4 {[%emt 0:01:08]} 39. a5 {[%emt 0:00:18]} Qa3 {[%emt 0:00:50]} 40. Be1 {[%emt 0:01:38]} b3 {[%emt 0:01:55]} 41. Rd5 {[%emt 0:00:38]} Bg4+ {[%emt 0:00:23]} 42. Kf2 {[%emt 0:00:19]} b2 {[%emt 0:00:21]} 0-1

[Event "Kragero Resort International 2022"]
[Site "Kragero"]
[Date "2022.02.23"]
[Round "2.7"]
[White "Alinasab, Mobina"]
[Black "Rozum, Ivan"]
[Result "1/2-1/2"]
[WhiteElo "2325"]
[BlackElo "2537"]
[Annotator "TA"]
[PlyCount "67"]
[EventDate "2022.02.23"]
[EventType "swiss"]
[EventCountry "NOR"]
[SourceTitle "playchess.com"]
[Source "ChessBase"]
[SourceQuality "1"]

{[%evp 20,67,25,21,17,20,16,18,18,16,26,20,20,12,32,29,22,14,14,25,16,0,38,0,0,0,12,-7,0,0,0,0,0,0,0,0,0,0,0,0,0,0,0,0,0,0,0,0,0,0]} 1. e4 c6 2. d4 d5 3. Nd2 dxe4 4. Nxe4 Bf5 5. Ng3 Bg6 6. h4 h6 7. Nf3 Nd7 8. Bd3 Bxd3 9. Qxd3 e6 10. Bf4 Ngf6 11. O-O-O Be7 {B19: Classical Caro-Kann: 4...Bf5 main line.} 12. Kb1 O-O 13. Ne4 Nxe4 14. Qxe4 Nf6 15. Qe2 {[%cal Og2g4]} Qd5 $1 16. Ne5 Qe4 17. Qxe4 Nxe4 18. Rde1 Nf6 (18... Nxf2 $2 19. Rhf1 $18) 19. g4 Bd6 {[%cal Of6g4] [#]} 20. f3 $146 ({Predecessor:} 20. Rhg1 Nd5 21. Bg3 Rad8 22. Nf3 Rfe8 23. c3 Bf8 24. c4 Nb6 25. b3 Nc8 26. Re2 {½-½ (46) Bar Ziv,I (2191)-Diez Gonzalez,P (2386) ICCF email 2014}) 20... h5 21. Bg5 {[#] Hoping for Bxf6.} hxg4 {The position is equal.} 22. Bxf6 gxf6 {[%cal Bg7f6,Bf6f5,Bf5g4][%mdl 32]} 23. Nd7 f5 {...Rfd8 is the strong threat.} ({Resist} 23... gxf3 24. Nxf8 (24. Ref1 Rfd8 $14) 24... Rxf8 25. Ref1 $16) 24. fxg4 Rfd8 25. Ne5 f6 26. Nc4 fxg4 {[#] White must now prevent ...Kf7.} 27. Rxe6 Bc7 28. Rxf6 {Strongly threatening Rg6+.} Rxd4 29. Ne3 Re4 30. Nf5 Rf8 31. Rg6+ Kh8 32. Rh6+ Kg8 33. Rg6+ Kh8 34. Rh6+ {An interesting draw.  Weighted Error Value: White=0.03 (flawless) /Black=0.02 (flawless)} 1/2-1/2

[Event "Kragero Resort International 2022"]
[Site "Kragero"]
[Date "2022.02.23"]
[Round "2.7"]
[White "Gharibyan, Mane"]
[Black "Helland, Phillip"]
[Result "1-0"]
[WhiteElo "1592"]
[BlackElo "1760"]
[Annotator "NA RC"]
[PlyCount "65"]
[EventDate "2022.02.23"]
[EventType "swiss"]
[EventCountry "NOR"]
[SourceTitle "playchess.com"]
[Source "ChessBase"]
[SourceQuality "1"]
[TimeControl "5400+30"]

1. e4 {[%emt 0:00:03]} Nf6 {[%emt 0:00:24]} 2. e5 {[%emt 0:00:35]} Nd5 {[%emt 0:00:11]} 3. c4 {[%emt 0:00:22]} Nb6 {[%emt 0:00:09]} 4. d4 {[%emt 0:00:04]} d6 {[%emt 0:00:43]} 5. exd6 {[%emt 0:00:28]} exd6 {[%emt 0:00:12]} 6. Bd3 {[%emt 0:11:11]} Be7 {[%emt 0:02:12]} 7. Nc3 {[%emt 0:01:06]} O-O {[%emt 0:01:12]} 8. Be3 {[%emt 0:05:33]} Bf6 {[%emt 0:02:23]} 9. Nge2 {[%emt 0:02:08]} Nc6 {[%emt 0:14:01]} 10. b3 {[%emt 0:10:22]} g6 {[%emt 0:06:19]} 11. O-O {[%emt 0:03:01]} Bg7 {[%emt 0:01:28]} 12. Rc1 {[%emt 0:03:24]} Re8 {[%emt 0:01:30]} 13. Qd2 {[%emt 0:03:08]} Bg4 {[%emt 0:02:45]} 14. f3 {[%emt 0:03:52]} Qe7 {[%emt 0:05:09]} 15. Bg5 {[%emt 0:16:10]} f6 {[%emt 0:00:54]} 16. Bh4 {[%emt 0:06:12]} Bc8 {[%emt 0:17:35]} 17. Bf2 {[%emt 0:02:39]} Qf8 {[%emt 0:01:55]} 18. c5 {[%emt 0:08:59]} Bh6 {[%emt 0:06:22]} 19. f4 {[%emt 0:07:44]} Nd7 {[%emt 0:03:48]} 20. Nd5 {[%emt 0:01:53]} Qf7 {[%emt 0:07:58]} 21. Nxc7 {[%emt 0:03:54]} Nxc5 {[%emt 0:00:59]} 22. Bc4 {[%emt 0:01:32]} d5 {[%emt 0:02:03]} 23. Bxd5 {[%emt 0:01:21]} Be6 {[%emt 0:00:35]} 24. Bxe6 {[%emt 0:04:37]} Nxe6 {[%emt 0:00:56]} 25. Nxe8 {[%emt 0:00:55]} Qxe8 {[%emt 0:00:31]} 26. Be3 {[%emt 0:01:39]} Ne7 {[%emt 0:01:57]} 27. d5 {[%emt 0:00:32]} Rd8 {[%emt 0:00:57]} 28. Nc3 {[%emt 0:00:24]} Nc7 {[%emt 0:03:03]} 29. d6 {[%emt 0:00:27]} Nf5 {[%emt 0:00:18]} 30. Bc5 {[%emt 0:00:12]} Qc6 {[%emt 0:01:39]} 31. Ba3 {[%emt 0:00:59]} Nxd6 {[%emt 0:01:11]} 32. Na4 {[%emt 0:00:21]} Qd7 {[%emt 0:03:51]} 33. Qxd6 {[%emt 0:00:31]} 1-0

[Event "Kragero Resort International 2022"]
[Site "Kragero"]
[Date "2022.02.23"]
[Round "2.8"]
[White "Kulaots, Kaido"]
[Black "Zadruzny, Nicolaj"]
[Result "1-0"]
[WhiteElo "2527"]
[BlackElo "2280"]
[Annotator "TA"]
[PlyCount "75"]
[EventDate "2022.02.23"]
[EventType "swiss"]
[EventCountry "NOR"]
[SourceTitle "playchess.com"]
[Source "ChessBase"]
[SourceQuality "1"]

{[%evp 12,75,13,17,32,5,8,25,21,11,9,0,24,37,29,22,16,27,18,27,16,20,25,34,35,25,113,106,105,114,97,111,95,109,117,116,109,85,88,50,52,52,49,36,59,64,72,66,101,113,183,177,193,181,225,227,689,689,601,672,668,668,656,628,783,785]} 1. e4 e5 2. Nf3 Nc6 3. Bb5 Nf6 4. d3 Bc5 5. c3 O-O 6. O-O d6 7. h3 a6 {C65: Ruy Lopez: Berlin Defence (3...Nf6), unusual lines and 4 0-0 Bc5.} 8. Ba4 (8. Bxc6 $5 bxc6 9. b3 $11) 8... Ba7 {8...b5 is the fancy move.} 9. Re1 Ne7 {White has an edge.} 10. Nbd2 {[%cal Bb1d2,Bd2c4,Bc4d6][%mdl 32]} Ng6 {[%cal Oc8h3]} 11. d4 c6 12. Bc2 Re8 13. dxe5 {[#]} dxe5 $146 ({Predecessor:} 13... Nxe5 14. Nxe5 dxe5 15. Qf3 Be6 16. Nf1 Nd7 17. Ne3 Qf6 18. Qe2 Rad8 19. b3 Nf8 20. Ng4 Bxg4 21. hxg4 {½-½ (64) Dzida,K (2254)-Kania,D (1933) Szklarska Poreba 2020}) 14. Nc4 Qe7 15. Nd6 Rd8 {[#]} 16. Nxc8 Raxc8 (16... Rdxc8 17. g3) 17. Qe2 Nh5 18. Bg5 f6 (18... Nf6 $11 {remains equal.}) 19. Be3 $1 $16 b5 20. g3 {Prevents Nhf4.} Bxe3 21. Qxe3 Nf8 22. a4 g6 23. Bb3+ Kh8 24. axb5 axb5 25. Ra6 Ng7 26. Rea1 Nge6 27. Ra7 Rd7 28. Rxd7 Qxd7 29. h4 {[%cal Bh3h4,Bh4h5,Bh5h6][%mdl 32]} Kg7 {[#]} 30. h5 $1 {White is more active.} Rc7 (30... Qd6 $16 31. Ra7+ (31. hxg6 hxg6 32. Kg2 Rd8 $16) 31... Rc7) 31. h6+ $18 ({Resist} 31. Ra8 Rc8 32. Ra1 Qd6 $16) 31... Kf7 {[#]} 32. Nh2 $1 {[%cal Bf3h2,Bh2g4,Bg4f6][%mdl 32]} Ke7 (32... c5 {was necessary.} 33. Rd1 Qe7) 33. Ng4 {aiming for Qf3.} Qd6 $2 (33... Qe8 34. f4 Nd7 35. fxe5 fxe5) 34. Rd1 {White is clearly winning.} Qc5 35. Qf3 Nd7 {[#]} 36. Rxd7+ $1 {[%mdl 512]} Kxd7 37. Nxf6+ Kd6 38. Ne8+ {Weighted Error Value: White=0.03 (flawless) /Black=0.29 (precise)} 1-0

[Event "Kragero Resort International 2022"]
[Site "Kragero"]
[Date "2022.02.23"]
[Round "2.8"]
[White "Strand, Amund Pihl"]
[Black "Alvanjyan, Aida"]
[Result "1/2-1/2"]
[WhiteElo "1748"]
[BlackElo "1566"]
[Annotator "NA RC"]
[PlyCount "82"]
[EventDate "2022.02.23"]
[EventType "swiss"]
[EventCountry "NOR"]
[SourceTitle "playchess.com"]
[Source "ChessBase"]
[SourceQuality "1"]
[TimeControl "5400+30"]

1. c4 {[%emt 0:00:06]} e6 {[%emt 0:00:12]} 2. Nc3 {[%emt 0:00:34]} d5 {[%emt 0:00:09]} 3. e3 {[%emt 0:00:52]} Nf6 {[%emt 0:00:14]} 4. Nf3 {[%emt 0:00:38]} Bd6 {[%emt 0:01:48]} 5. b3 {[%emt 0:07:48]} c5 {[%emt 0:03:31]} 6. Be2 {[%emt 0:09:26]} Nc6 {[%emt 0:02:51]} 7. O-O {[%emt 0:07:23]} O-O {[%emt 0:00:30]} 8. cxd5 {[%emt 0:06:15]} Nxd5 {[%emt 0:11:06]} 9. Bb2 {[%emt 0:01:17]} Re8 {[%emt 0:06:00]} 10. Rc1 {[%emt 0:02:47]} Nxc3 {[%emt 0:05:20]} 11. Rxc3 {[%emt 0:03:15]} Nb4 {[%emt 0:04:58]} 12. Qa1 {[%emt 0:05:21]} Bf8 {[%emt 0:16:19]} 13. Rd1 {[%emt 0:01:58]} Qa5 {[%emt 0:02:02]} 14. a3 {[%emt 0:04:31]} Nd5 {[%emt 0:02:07]} 15. Rc4 {[%emt 0:01:15]} f6 {[%emt 0:06:18]} 16. d4 {[%emt 0:06:53]} b5 {[%emt 0:08:28]} 17. Rcc1 {[%emt 0:02:09]} Qb6 {[%emt 0:03:17]} 18. dxc5 {[%emt 0:11:39]} Bxc5 {[%emt 0:01:05]} 19. b4 {[%emt 0:02:20]} Bf8 {[%emt 0:03:11]} 20. Bd4 {[%emt 0:00:54]} Qb8 {[%emt 0:01:03]} 21. Nd2 {[%emt 0:03:03]} a5 {[%emt 0:01:52]} 22. bxa5 {[%emt 0:05:06]} Rxa5 {[%emt 0:00:42]} 23. Bc5 {[%emt 0:00:25]} b4 {[%emt 0:03:36]} 24. Bxf8 {[%emt 0:04:44]} Rxf8 {[%emt 0:00:56]} 25. Nc4 {[%emt 0:00:58]} Ra8 {[%emt 0:04:06]} 26. Bf3 {[%emt 0:02:09]} Ba6 {[%emt 0:04:21]} 27. Rxd5 {[%emt 0:01:31]} Bxc4 {[%emt 0:01:39]} 28. Rd4 {[%emt 0:04:44]} Rxa3 {[%emt 0:02:07]} 29. Qb2 {[%emt 0:00:28]} Rb3 {[%emt 0:01:59]} 30. Qa2 {[%emt 0:00:49]} Rc3 {[%emt 0:02:29]} 31. Rxc4 {[%emt 0:00:24]} b3 {[%emt 0:00:42]} 32. Qb2 {[%emt 0:00:20]} Rxc4 {[%emt 0:00:54]} 33. Rxc4 {[%emt 0:00:07]} Qb5 {[%emt 0:00:23]} 34. Rc3 {[%emt 0:00:35]} Qa5 {[%emt 0:00:26]} 35. Bd1 {[%emt 0:01:22]} Rb8 {[%emt 0:00:43]} 36. g3 {[%emt 0:03:51]} Qa2 {[%emt 0:00:34]} 37. Qxa2 {[%emt 0:00:30]} bxa2 {[%emt 0:00:01]} 38. Ra3 {[%emt 0:00:17]} Rb1 {[%emt 0:00:17]} 39. Rxa2 {[%emt 0:00:06]} Rxd1+ {[%emt 0:00:04]} 40. Kg2 {[%emt 0:00:06]} Kf7 {[%emt 0:00:36]} 41. Ra7+ {[%emt 0:00:06]} Kg6 {[%emt 0:00:27]} 1/2-1/2

[Event "Kragero Resort International 2022"]
[Site "Kragero"]
[Date "2022.02.23"]
[Round "2.10"]
[White "Chatalbashev, Boris"]
[Black "Radeva, Viktoria"]
[Result "1-0"]
[WhiteElo "2515"]
[BlackElo "2261"]
[Annotator "TA"]
[PlyCount "145"]
[EventDate "2022.02.23"]
[EventType "swiss"]
[EventCountry "NOR"]
[SourceTitle "playchess.com"]
[Source "ChessBase"]
[SourceQuality "1"]

{[%evp 22,145,21,25,40,35,36,27,51,56,58,48,81,88,112,94,121,118,135,129,179,171,153,135,181,184,302,279,334,345,318,255,500,483,724,704,575,68,136,100,96,92,83,85,79,67,59,0,88,49,49,6,23,0,47,42,53,0,5,0,0,0,12,10,8,8,19,16,27,25,15,15,145,33,140,19,19,19,19,14,138,47,56,54,45,8,8,22,11,10,10,19,17,2,2,0,0,0,4,0,0,0,59,72,72,72,72,72,137,51,75,61,88,82,871,699,809,427,29976,29977,29977,29978,29981,29982,29982,29974]} 1. d4 d5 2. c4 e6 3. Nc3 Nf6 4. cxd5 exd5 5. Bg5 c6 6. e3 Be7 7. Bd3 Nbd7 8. Nf3 O-O 9. Qc2 Re8 10. O-O Nf8 11. h3 g6 12. Bh6 {12.Ne5 is becoming the main line.} Ne6 {D36: Queen's Gambit Declined: Exchange Variation: Main line (5 Bg5 c6 6 Qc2).} 13. Ne5 Bf8 14. Bxf8 {[#]} Nxf8 $146 {White has an edge.} ({Predecessor:} 14... Rxf8 15. b4 Qe7 16. Rab1 Ng7 17. Rfc1 Bf5 18. Ne2 Ne4 19. Nc3 Rac8 20. Nxe4 dxe4 {1-0 (63) Aczel,G (2549)-Berkes,F (2658) Budapest 2017}) 15. f4 N6d7 16. Rae1 {[%cal Ba1e1,Be1e3,Be3f3][%mdl 32]} Nxe5 17. fxe5 Be6 18. Qf2 Nd7 19. e4 Nb6 20. exd5 $1 cxd5 (20... Nxd5 $16 21. Ne4 Rf8) 21. Re3 a6 22. h4 {[%cal Bh3h4,Bh4h5][%mdl 32]} Nd7 (22... Kh8 $16 23. h5 gxh5) 23. h5 $18 Nf8 (23... Kh8 $142 24. hxg6 fxg6) 24. Rf3 Qe7 25. Ne2 Rac8 26. hxg6 hxg6 (26... fxg6 {might work better.} 27. Rf6 Rc6) 27. Nf4 Rc7 (27... b5 $142 28. Qg3 Qa7 29. Nxe6 Nxe6 30. Rxf7 Qxd4+ 31. Kh2 g5 32. Bh7+ Kh8) 28. Rg3 Rec8 {[#]} 29. Nh5 $2 (29. Bxg6 $1 $18 {[%mdl 512] Intending Bf5+ and mate.} Nxg6 30. Nxg6 fxg6 31. Rxg6+ Kh8 32. Rh6+ Kg7 33. Qe3) 29... Rc1 (29... Qh4 $14 30. Nf6+ Kg7) 30. Nf6+ Kg7 31. Qf4 Rxf1+ 32. Kxf1 Qc7 33. Nh5+ Kg8 34. Nf6+ Kg7 35. Kf2 {Threatening mate with Nh5+. White is much more active.} Qc1 {[#]} 36. Nh5+ (36. Ne8+ $1 $14 {should be considered.} Kg8 37. Qxc1 Rxc1 38. a3) 36... Kg8 37. Nf6+ {[%cal Bh5f6,Bf6e8,Be8d6,Bd6b7,Bb7c5][%mdl 32]} Kg7 38. Qxc1 {The board is on fire.} Rxc1 39. Re3 ({Better is} 39. Ne8+ $14 Kh7 40. a3) 39... Nd7 40. Ne8+ Kf8 41. Nd6 b5 42. Re1 Rxe1 43. Kxe1 $11 {[%mdl 4096] Endgame KBN-KBN} Ke7 44. Nb7 f6 45. exf6+ Kxf6 46. Kd2 Nb6 (46... Nb8 $11) 47. b3 (47. Nc5 $16) 47... Bf5 (47... Bc8 $1 $14 48. Nd6 Bg4) 48. Be2 (48. Nc5 $1 $16) 48... Bc8 49. Nc5 Nd7 50. Nd3 Nb8 (50... Kf5 $11 {keeps the balance.}) 51. Nb4 (51. Bf3 $16) 51... Bb7 $1 $14 52. Bf3 Ke6 53. Ke3 (53. Nd3 $5 {[%cal Rd3c5]} Kd6 54. Kc3 $14) 53... g5 $1 54. Nd3 {aiming for Nc5+.} Bc6 55. Bg4+ Kf6 56. Nc5 a5 57. a3 Ke7 58. b4 axb4 59. axb4 Kf6 60. Bc8 Be8 61. Bb7 Bf7 (61... Bc6 $11) 62. Kf3 $1 Bh5+ 63. Kg3 Bf7 64. Kg4 Bg8 {[#]} (64... Kg6 $142) 65. Kh5 (65. Na6 $1 $16 {[%cal Ra6b8]} Be6+ 66. Kh5 Bf7+ 67. Kh6) 65... Bf7+ $1 {[#]} 66. Kh6 $1 g4 67. g3 Kf5 $2 {[%mdl 8192] This move loses the game for Black.} (67... Be8 $16) 68. Kg7 Be6 69. Kf8 {Strongly threatening Ke7.} Nd7+ (69... Bd7 $18 70. Bxd5 Bc6) 70. Nxd7 {White mates.} Bxd7 71. Ke7 Ke4 72. Kxd7 Kxd4 73. Ke6 {Weighted Error Value: White=0.36/Black=0.29 (precise)} 1-0

[Event "Kragero Resort International 2022"]
[Site "Kragero"]
[Date "2022.02.23"]
[Round "2.21"]
[White "Shehzad, Shazil"]
[Black "Romanov, Evgeny"]
[Result "0-1"]
[WhiteElo "2182"]
[BlackElo "2561"]
[Annotator "TA"]
[PlyCount "62"]
[EventDate "2022.02.23"]
[EventType "swiss"]
[EventCountry "NOR"]
[SourceTitle "playchess.com"]
[Source "ChessBase"]
[SourceQuality "1"]

{[%evp 13,62,27,41,25,25,16,48,21,21,18,30,0,0,0,0,0,0,0,0,0,4,0,0,0,0,0,0,0,0,0,0,-28,0,-21,-22,-23,0,0,0,-35,0,-136,-112,-84,-65,-320,-277,-740,-724,-1369,-1297]} 1. e4 c5 2. Nf3 e6 3. d4 cxd4 4. Nxd4 a6 5. c4 Nf6 6. Nc3 Qc7 7. Be2 Nc6 8. Nxc6 {B41: Sicilian: Kan Variation: 5 c4.} dxc6 9. O-O e5 10. Qd3 {White is slightly better.} Be7 11. Be3 Be6 12. c5 Rd8 13. Qc2 Ng4 14. Bxg4 Bxg4 15. Na4 O-O 16. Nb6 {[#]} Be6 $146 ({Predecessor:} 16... Kh8 17. b4 Bh4 18. a3 Qe7 19. Nc4 Qc7 20. f3 Be6 21. Nd6 Be7 22. Rad1 Rd7 {1-0 (37) Dang,A (1891)-Zhao,E (2072) Weifang 2019}) 17. Rfd1 Rxd1+ 18. Rxd1 Rd8 (18... Bxa2 $2 19. Rd7 Qb8 20. Rxe7 $18) 19. b3 g6 20. Rf1 f5 21. exf5 gxf5 22. f4 Bf6 (22... e4 $5 {[%cal Rd8d3]}) 23. Nc4 e4 24. Nd6 b6 (24... Be7 $5 {[%cal Re7d6]}) 25. b4 b5 26. Qf2 a5 {[%cal Ba6a5,Ba5b4,Bb4a3][%mdl 32]} 27. Bd4 (27. bxa5 $1 $11 {remains equal.} Qg7 28. a3) 27... Bxd4 $17 28. Qxd4 {[#] Black must now prevent Qe5.} Qg7 ({Don't do} 28... Bc4 29. Re1 $14) 29. Qd2 {[%mdl 8192] [#]} (29. Qe5 $1 $15 Qxe5 30. fxe5) 29... axb4 $1 $19 30. Re1 $2 (30. Qxb4 Ra8 31. a3) 30... Ra8 31. a4 bxa3 {Weighted Error Value: White=0.69/Black=0.06 (flawless)} 0-1

[Event "Kragero Resort International 2022"]
[Site "Kragero"]
[Date "2022.02.23"]
[Round "2.22"]
[White "Urkedal, Frode Olav Olsen"]
[Black "Jonsson, Gauti Pall"]
[Result "1-0"]
[WhiteElo "2549"]
[BlackElo "2048"]
[Annotator "TA"]
[PlyCount "69"]
[EventDate "2022.02.23"]
[EventType "swiss"]
[EventCountry "NOR"]
[SourceTitle "playchess.com"]
[Source "ChessBase"]
[SourceQuality "1"]

{[%evp 10,68,40,41,45,30,38,21,18,18,35,31,19,20,19,21,27,18,48,46,81,77,58,40,45,20,20,29,39,21,77,68,66,0,273,0,0,0,0,0,0,0,0,0,4798,6119,5310,654,29967,2206,29968,29969,1029,618,29992,29993,29997,29998,29998,29999,29999]} 1. d4 Nf6 2. c4 g6 3. Nc3 Bg7 4. e4 d6 5. Be2 O-O 6. Be3 Na6 {E73: King's Indian: Averbakh Variation without 6...c5.} 7. h4 h5 8. f3 c5 {The position is equal.} 9. d5 e6 10. Qd2 exd5 11. cxd5 ({Reject} 11. Nxd5 Nxd5 12. cxd5 f5 $15) 11... Re8 12. Nh3 {[#]} Bd7 $146 ({Predecessor:} 12... Bxh3 13. Rxh3 Nc7 14. Kf2 a6 15. a4 b6 16. Rhh1 Qd7 17. Ra2 b5 18. Rha1 b4 19. Nd1 Rxe4 20. Bd3 Ree8 21. Bc4 Qf5 {0-1 (21) Strzelecki,J (2019)-Ochedzan,T (1979) Liberec 2018}) 13. Ng5 Rb8 14. O-O b5 15. a4 {[%cal Ra4b5]} Nc7 16. axb5 (16. Bf4 {seems wilder.} Rb6 17. axb5 Nxb5 18. Bxb5 Bxb5 19. Nxb5 Rxb5 20. Ra6) 16... Nxb5 17. Nxb5 Bxb5 18. Bxb5 Rxb5 19. Rxa7 Nd7 {[#]} (19... Re7 $11 20. Rfa1 Ne8) 20. f4 $1 $16 {[%cal Oe4e5] And now e5! would win. White is more active.} Rxb2 21. Qd3 (21. Qc1 $14) 21... Bf6 $2 {[%mdl 8192] [#]} (21... Re7 $11 {and Black stays safe.}) 22. Nxf7 $2 Kxf7 $11 23. e5 Re7 24. exf6 {The board is on fire.} Nxf6 25. Rfa1 {aiming for f5.} Ng4 {...Rbb7 is the strong threat.} 26. f5 {Black must now prevent Bg5.} c4 $2 {[%mdl 8192]} (26... Rxa7 $11 27. Rxa7+ Kg8) 27. Qe4 $18 Ne5 28. Bd4 (28. fxg6+ $142 Kg7 29. Qf5) 28... Rbb7 29. fxg6+ (29. Rxb7 $142 Rxb7 30. fxg6+ Kg8 31. Bxe5 Re7 32. Bf6 Rxe4 33. Bxd8 Kg7 34. Rf1) 29... Kg8 30. Rxb7 Rxb7 31. Bxe5 {White threatens Bd4 and mate.} Qe8 {[#]} 32. Bf6 {[%cal Re4e8][%mdl 512] White mates.} Qxe4 (32... Rb8 33. Qf5) 33. Ra8+ Rb8 34. Rxb8+ Qe8 35. Rxe8# {Weighted Error Value: White=0.53/Black=0.85} 1-0